| 000 | 00932nam a2200253Ia 4500 | ||
|---|---|---|---|
| 003 | OSt | ||
| 005 | 20221002050027.0 | ||
| 006 | a|||||r|||| 00| 0 | ||
| 007 | ta | ||
| 008 | 220930b |||||||| |||| 00| 0 hin d | ||
| 020 |
_a9788181436917 (hbk) _c3000 |
||
| 024 | _a107344 | ||
| 037 |
_b462, 17/03/2011, Vani Prakashan _cReference Collections |
||
| 040 |
_aCRL _cCRL _bhin |
||
| 041 |
_2hin _ahin |
||
| 082 | _aV273JHk, 152P8.1-.3(RR) | ||
| 100 | _aरणेन्द्र, संपा. | ||
| 245 | 0 | _aझारखंड इन्साइक्लोपीडिया | |
| 260 |
_aनयी _bदिल्ली वाणी प्रकाशन _c2008 |
||
| 490 | _vखंड 2 | ||
| 650 | _aविश्व-इतिहास | ||
| 942 |
_hV273JHk, 152P8.1-.3(RR) _cref _2CC |
||
| 999 |
_c913668 _d913668 |
||